Autostrade e Province attraversate - Quiz n°2 - Statistics

Statistiche generali
  • Questo quiz è stato fatto 17 volte
  • Il punteggio medio è 25 su 30
Statistiche sulle risposte
Domanda Casella Select % Corretto
A14 Autostrada Adriatica Bologna
100%
A33 Asti-Cuneo Vercelli No
100%
A14 Autostrada Adriatica Ancona
93%
A33 Asti-Cuneo Asti
93%
A22 Autostrada del Brennero Bolzano
93%
A33 Asti-Cuneo Cuneo
93%
A14 Autostrada Adriatica L'Aquila No
93%
A30 Caserta-Salerno Latina No
93%
A14 Autostrada Adriatica Lecce No
93%
A33 Asti-Cuneo Novara No
93%
A14 Autostrada Adriatica Pescara
93%
A22 Autostrada del Brennero Vicenza No
93%
A33 Asti-Cuneo Alessandria No
86%
A30 Caserta-Salerno Caserta
86%
A22 Autostrada del Brennero Modena
86%
A30 Caserta-Salerno Salerno
86%
A27 Autostrada d'Alemagna Treviso
86%
A27 Autostrada d'Alemagna Verona No
86%
A22 Autostrada del Brennero Verona
86%
A27 Autostrada d'Alemagna Belluno
79%
A14 Autostrada Adriatica Campobasso
79%
A33 Asti-Cuneo Torino No
79%
A27 Autostrada d'Alemagna Vicenza No
79%
A30 Caserta-Salerno Benevento No
71%
A22 Autostrada del Brennero Bologna No
71%
A30 Caserta-Salerno Avellino No
64%
A30 Caserta-Salerno Napoli
64%
A27 Autostrada d'Alemagna Padova No
64%
A27 Autostrada d'Alemagna Venezia
64%
A22 Autostrada del Brennero Reggio Emilia
36%
Nessun quiz corrispondente trovato
Distribuzione punteggi
Percentuale di utenti per punteggio
Percentile per numero di risposta
I tuoi punteggi nel tempo
Non hai fatto questo quiz